When Sophie gets angry--really, really angry / (Record no. 2393)

MARC details
000 -LEADER
fixed length control field 00819cam a2200253 a 4500
005 - DATE AND TIME OF LATEST TRANSACTION
control field 20250610090003.0
020 ## - INTERNATIONAL STANDARD BOOK NUMBER
International Standard Book Number 9780439598453
040 ## - CATALOGING SOURCE
Original cataloging agency DLC
Transcribing agency DLC
Modifying agency DLC
Language of cataloging eng
050 00 - LIBRARY OF CONGRESS CALL NUMBER
Classification number PZ7.B2217
082 00 - DEWEY DECIMAL CLASSIFICATION NUMBER
Classification number 460
100 1# - MAIN ENTRY--PERSONAL NAME
Personal name Bang, Molly
245 10 - TITLE STATEMENT
Title When Sophie gets angry--really, really angry /
Statement of responsibility, etc. by Molly Bang
250 ## - EDITION STATEMENT
Edition statement First Bookshelf edition, June 2004
260 ## - PUBLICATION, DISTRIBUTION, ETC.
Place of publication, distribution, etc. New York :
Name of publisher, distributor, etc. Scholastic,
Date of publication, distribution, etc. 1999
300 ## - PHYSICAL DESCRIPTION
Extent 33 unnumbered pages
Other physical details Color illustrations
Dimensions 26 cm
505 ## - FORMATTED CONTENTS NOTE
Formatted contents note G <br/>
520 ## - SUMMARY, ETC.
Summary, etc. A young girl is upset and doesn't know how to manage her anger but takes the time to cool off and regain her composure.
521 ## - TARGET AUDIENCE NOTE
Target audience note 340 <br/>
Source Lexile <br/>
521 ## - TARGET AUDIENCE NOTE
Target audience note G <br/>
Source Raz-Plus <br/>
650 #1 - SUBJECT ADDED ENTRY--TOPICAL TERM
Topical term or geographic name entry element Anger
General subdivision Fiction
906 ## - LOCAL DATA ELEMENT F, LDF (RLIN)
a 7
b cbc
c orignew
d 1
e ocip
f 19
g y-gencatlg
942 ## - ADDED ENTRY ELEMENTS (KOHA)
Source of classification or shelving scheme Dewey Decimal Classification
Koha item type Books
Suppress in OPAC No
999 ## -
-- 2393
-- 2393
Holdings
Withdrawn status Lost status Source of classification or shelving scheme Damaged status Not for loan Collection Home library Current library Shelving location Date acquired Total Checkouts Full call number Barcode Date due Date last seen Date last checked out Copy number Price effective from Koha item type
    Dewey Decimal Classification     Juvenile Fiction Footprints International School Library Network Toul Kork Campus Footprints International School Library Network Toul Kork Campus TK Primary Library Room(4th Floor), Bookcase 7, Shelves 57-60, Dark Green Books 02/25/2025   BAN 460 PZ7.B2217 2025-0122   02/25/2025   3 02/25/2025 Books
    Dewey Decimal Classification     Juvenile Fiction Footprints International School Library Network Toul Kork Campus Footprints International School Library Network Toul Kork Campus TK Primary Library Room(4th Floor), Bookcase 7, Shelves 57-60, Dark Green Books 02/25/2025 1 BAN 460 PZ7.B2217 FISBK06278 09/03/2025 08/20/2025 08/20/2025 4 02/25/2025 Books
    Dewey Decimal Classification     Juvenile Fiction Footprints International School Library Network Toul Kork Campus Footprints International School Library Network Toul Kork Campus TK Primary Library Room(4th Floor), Bookcase 7, Shelves 57-60, Dark Green Books 06/10/2025 1 BAN 460 PZ7.B2217 FISTK02632   09/29/2025 06/30/2025 5 06/10/2025 Books
    Dewey Decimal Classification     Juvenile Fiction Footprints International School Library Network Toul Tom Poung Campus Footprints International School Library Network Toul Tom Poung Campus TTP Primary Green Bookshelves 06/10/2025 3 BAN 460 PZ7.B2217 FIS04647 06/11/2025 05/28/2025 05/28/2025 1 06/10/2025 Books
    Dewey Decimal Classification     Juvenile Fiction Footprints International School Library Network Toul Tom Poung Campus Footprints International School Library Network Toul Tom Poung Campus TTP Primary Green Bookshelves 11/23/2023 3 BAN 460 PZ7.B2217 FISTK04406   05/29/2025 05/08/2025 2 11/23/2023 Books